00966naa#a2200157#i#4500001001500000005001700015100004100032102000700073200027100080210016900351215001000520608006000530675017600590700002400766856001800790RU\\bibl\2019020260702015221.4##a20260630b2026####ek#y0rusy0150####ca##aRU1#aИМИТАЦИОННАЯ МОДЕЛЬ РАБОТЫ СЛУЖБЫ ДОСТАВКИ ЕДЫ ДЛЯ ОПРЕДЕЛЕНИЯ ОПТИМАЛЬНОГО КОЛИЧЕСТВА КУРЬЕРОВ В РАЗНЫЕ ЧАСЫ СУТОКeСтатья/тезисы конференции1#aВоронежcВоронежский государственный лесотехнический университет имени Г.Ф. Морозоваd2026##a4 с.##aСтатья/тезисы конференции2local##aИнформационные технологии. Компьютерные технологии. Теория вычислительных машин и систем. 004#1aКосыхgВ. Д.4#abibl.vgltu.ru